Kastom, property and ideology (Record no. 351181)
[ view plain ]
| 000 -LEADER | |
|---|---|
| fixed length control field | 00674nam a2200133Ia 4500 |
| 008 - FIXED-LENGTH DATA ELEMENTS--GENERAL INFORMATION | |
| fixed length control field | 171212s9999 xx 000 0 und d |
| 020 ## - INTERNATIONAL STANDARD BOOK NUMBER | |
| International Standard Book Number | 9781760461058 |
| 245 ## - TITLE STATEMENT | |
| Statement of responsibility, etc | editor McDonnell, Siobhan;Allen, Matthew;Filer, Colin |
| Title | Kastom, property and ideology |
| Remainder of title | Land transformations in Melanesia |
| 260 ## - PUBLICATION, DISTRIBUTION, ETC. (IMPRINT) | |
| Name of publisher, distributor, etc | ANU E Press |
| Date of publication, distribution, etc | 2017 |
| 440 ## - SERIES STATEMENT/ADDED ENTRY--TITLE | |
| Title | State, Society and Governance in Melanesia |
| 650 ## - SUBJECT ADDED ENTRY--TOPICAL TERM | |
| Topical term or geographic name as entry element | Land use, Urban -- Melanesia; Land tenure -- Melanesia; Land reform -- Melanesia -- Political aspects; Religion and culture -- Melanesia; Melanesia -- Religious life and customs; Melanesia -- Social life and customs |
| 650 ## - SUBJECT ADDED ENTRY--TOPICAL TERM | |
| Topical term or geographic name as entry element | Law |
| 856 ## - ELECTRONIC LOCATION AND ACCESS | |
| Uniform Resource Identifier | <a href="http://jstor.org/stable/j.ctt1pwtd1p">http://jstor.org/stable/j.ctt1pwtd1p</a> |
| Withdrawn status | Lost status | Damaged status | Home library | Current library | Date acquired | Total Checkouts | Date last seen | Price effective from | Koha item type |
|---|---|---|---|---|---|---|---|---|---|
| College Library | College Library | 12/12/2017 | 12/12/2017 | 12/12/2017 | Curriculum - Based eBooks |